| 000 | 00412nam a2200169Ia 4500 | ||
|---|---|---|---|
| 008 | 230524s9999 xx 000 0 und d | ||
| 020 | _a9788120405851 | ||
| 082 |
_a658.132 _bRAO |
||
| 100 | _aT.V.Rao | ||
| 245 | 0 | _aReadings in Human Resource Development | |
| 250 | _aIST | ||
| 260 |
_aNEW DELHI _bOxford _c2009 |
||
| 300 | _aIX;435 | ||
| 500 | _aQuantity Number: 25 | ||
| 650 | _aManagement | ||
| 942 | _cBK | ||
| 999 |
_c45558 _d45558 |
||